000 00771nam a2200253Ia 4500
003 OSt
005 20221005102155.0
006 a|||||r|||| 00| 0
007 ta
008 221004b |||||||| |||| 00| 0 san d
020 _a8186715835 (pbk)
_c400
024 _a2435
037 _b360, 11/01/2013, Eastern Book Linkers
_cTextual
040 _aCRL
_cCRL
_bsan
041 _2san
_asan
082 _aQ3:393, 111Q1.5
100 _aShastri Kalashchandra
_9622913
245 0 _aKarmgranth
_b Shatak
260 _aVaranasi
_bPashavanath Vidhyapith India
_c2011
300 _alx, 256p.
_ccm.
650 _aRELIGION
942 _hQ3:393, 111Q1.5
_cTEXL
_2cc
999 _c1007972
_d1007972